| 000 | 00870nam a22002177a 4500 | ||
|---|---|---|---|
| 999 |
_c582 _d582 |
||
| 003 | AR-CdUCM | ||
| 008 | 190225b ||||| |||| 00| 0 spa d | ||
| 020 | _a9682916364 | ||
| 040 |
_aMUNICIPALIDAD PROVINCIAL DEL CUSCO _cBIBLIOTECA MUNICIPAL DEL CUSCO |
||
| 082 |
_21ra. ed. _a869.56 / _bF64 |
||
| 100 |
_aFlores, Miguel Angel _92276 |
||
| 245 |
_aPlegaria: _bPoemas Escogidos, Coleccion de Textos Literarios / _cFlores, Miguel Angel |
||
| 260 |
_aMexico D.F: _bDireccion de Bibliotecas y publicaciones del Instituto Politecnico Nacional , _c1987. |
||
| 300 |
_a102 paginas, _c20 cm. |
||
| 440 |
_aNuestra Palabra _92277 |
||
| 505 | _aAntologia Poetica -- Coleccion de Textos Literarios -- Poesia Latinoamericana... | ||
| 650 |
_aPoesia Lationamericana. _92278 |
||
| 650 |
_aLiteratura Latinomericana. _92279 |
||
| 700 |
_aFlores, Miguel Angel _92276 |
||
| 942 |
_2ddc _cLIBROS |
||